[Event "ODEM U25A 2011"]
[Site "Oberhof GER"]
[Date "2011.06.17"]
[Round "8"]
[White "Prosvetov, Ivan"]
[Black "Mann, Johannes"]
[Result "1/2-1/2"]
[Termination "normal"]
[Board "17"]
[WhiteElo "2045"]
[BlackElo "1785"]
[PlyCount "48"]
[WhiteFideId "24123900"]
[BlackFideId "24691380"]
[EventCountry "GER"]
[EventRounds "9"]
[EventType "swiss"]
[EventDate "2011.06.11"]

1. d4 Nf6 2. Nf3 g6 3. Bf4 Bg7 4. e3 O-O 5. c4 d6 6. Nc3 c6 7. Be2 Qc7 8. c5
Qd8 9. cxd6 exd6 10. O-O d5 11. h3 Nh5 12. Bh2 f5 13. Be5 Bxe5 14. Nxe5 Nf6 15.
b4 Qe7 16. Qb3 Nbd7 17. f4 Kg7 18. b5 Nxe5 19. fxe5 Ne4 20. Nxe4 dxe4 21. Rac1
Be6 22. Bc4 Bxc4 23. Rxc4 cxb5 24. Qxb5 Rac8 1/2-1/2

[Event "ODEM U25A 2011"]
[Site "Oberhof GER"]
[Date "2011.06.17"]
[Round "8"]
[White "Münch, Robert"]
[Black "Wissel, Daniel"]
[Result "1/2-1/2"]
[Termination "normal"]
[Board "18"]
[WhiteElo "1908"]
[BlackElo "1724"]
[PlyCount "60"]
[WhiteFideId "4626028"]
[EventCountry "GER"]
[EventRounds "9"]
[EventType "swiss"]
[EventDate "2011.06.11"]

1. e4 b6 2. d4 Bb7 3. Bd3 Nf6 4. Nc3 e6 5. Bg5 Bb4 6. Nf3 h6 7. Bxf6 Qxf6 8. a3
Bxc3+ 9. bxc3 d6 10. Qe2 Nd7 11. O-O e5 12. Bb5 c6 13. Ba6 Bxa6 14. Qxa6 O-O
15. Qb7 Qe7 16. dxe5 dxe5 17. Rad1 Rfd8 18. Nxe5 Qxe5 19. Rxd7 Rxd7 20. Qxa8+
Kh7 21. Qxc6 Rc7 22. Qd5 Qxc3 23. g3 Qxa3 24. Qf5+ Kg8 25. Rd1 Qe7 26. e5 a5
27. Rd6 Rc5 28. Rxb6 Qxe5 29. Qd3 Rd5 30. Qf3 Rd8 1/2-1/2

[Event "ODEM U25A 2011"]
[Site "Oberhof GER"]
[Date "2011.06.17"]
[Round "8"]
[White "Stövesand, Peter"]
[Black "Becker, Matthias"]
[Result "0-1"]
[Termination "normal"]
[Board "19"]
[WhiteElo "1563"]
[BlackElo "1912"]
[PlyCount "66"]
[WhiteFideId "1270624"]
[BlackFideId "12915564"]
[EventCountry "GER"]
[EventRounds "9"]
[EventType "swiss"]
[EventDate "2011.06.11"]

1. e4 e6 2. d4 d5 3. Nc3 Bb4 4. e5 c5 5. a3 Ba5 6. b4 cxd4 7. Nb5 Bc7 8. f4 Ne7
9. Nf3 Nbc6 10. Nbxd4 Nxd4 11. Nxd4 Bd7 12. c3 O-O 13. Qg4 Qc8 14. Bd3 Bxe5 15.
Bxh7+ Kxh7 16. Qh3+ Kg8 17. fxe5 Qc4 18. Rf1 Ng6 19. Bb2 Nxe5 20. O-O-O a5 21.
Qg3 Nc6 22. Nxc6 Qxc6 23. Kb1 f6 24. h4 e5 25. h5 Be8 26. Qh4 axb4 27. cxb4 d4
28. g4 Qe4+ 29. Ka1 Bf7 30. Rd2 Qd5 31. Bc1 Qb3 32. Qf2 Rfc8 33. Re1 Rxc1+ 0-1

[Event "ODEM U25A 2011"]
[Site "Oberhof GER"]
[Date "2011.06.17"]
[Round "8"]
[White "Berger, Manuel"]
[Black "Häusler, Yannick"]
[Result "1/2-1/2"]
[Termination "normal"]
[Board "20"]
[WhiteElo "1924"]
[BlackElo "1619"]
[PlyCount "139"]
[WhiteFideId "24692506"]
[BlackFideId "12935891"]
[EventCountry "GER"]
[EventRounds "9"]
[EventType "swiss"]
[EventDate "2011.06.11"]

1. e4 c5 2. Nf3 d6 3. d4 cxd4 4. Nxd4 Nf6 5. Nc3 a6 6. Be3 b5 7. f3 Bb7 8. Qd2
Nbd7 9. Be2 e6 10. g4 Nc5 11. a3 d5 12. e5 Nfd7 13. b4 Na4 14. Nxa4 bxa4 15. f4
Be7 16. Bd3 Bh4+ 17. Bf2 Nb6 18. Rg1 Rc8 19. g5 Nc4 20. Bxc4 Bxf2+ 21. Kxf2
Rxc4 22. c3 h6 23. h4 h5 24. Qc2 g6 25. Qxa4+ Ke7 26. Rac1 Qb6 27. Rgd1 Rhc8
28. Qb3 a5 29. Rc2 Ra8 30. Qb2 Bc6 31. Rdc1 Rb8 32. Kg2 Bd7 33. Rb1 a4 34. Qc1
Bb5 35. Qd2 Rbc8 36. Rbc1 R8c7 37. Qf2 Qa6 38. Qf3 Rc8 39. Qe3 R8c7 40. Kf2 Qb7
41. Rd1 Qa6 42. Rdc1 Qb7 43. Rd2 Qa6 44. Qf3 Qb6 45. Qe3 Qa6 46. Ke1 Qa7 47.
Kd1 Qa6 48. Qf3 Qb6 49. Rcc2 Qc6 50. Kc1 Qb7 51. Kb2 Qa6 52. Rc1 Qb7 53. Rcc2
Qa6 54. Kc1 Qb7 55. Kd1 Qa6 56. Ke1 Qb7 57. Rc1 Qa6 58. Rdc2 Qb7 59. Kf2 Qb6
60. Qd1 Qa7 61. Kg3 Qb7 62. Kh2 Qa6 63. Qd2 Qb7 64. Rg1 Rc8 65. Rg3 Rg8 66. Qf2
Qd7 67. Kh1 Rg7 68. Nxb5 Qxb5 69. Qa7+ Qd7 70. Qf2 1/2-1/2

[Event "ODEM U25A 2011"]
[Site "Oberhof GER"]
[Date "2011.06.17"]
[Round "8"]
[White "Bach, Jannik"]
[Black "Kobozeva, Victoria"]
[Result "1-0"]
[Termination "normal"]
[Board "22"]
[WhiteElo "1772"]
[BlackElo "1713"]
[PlyCount "81"]
[WhiteFideId "24615900"]
[BlackFideId "24133680"]
[EventCountry "GER"]
[EventRounds "9"]
[EventType "swiss"]
[EventDate "2011.06.11"]

1. e4 c5 2. Nf3 d6 3. d4 cxd4 4. Nxd4 Nf6 5. Nc3 g6 6. Bc4 Bg7 7. Bb3 O-O 8.
O-O Nc6 9. h3 Bd7 10. Re1 Rc8 11. Bg5 Re8 12. Nf3 a6 13. Qd2 b5 14. Nd5 Nxd5
15. exd5 Ne5 16. Nxe5 dxe5 17. d6 Bc6 18. Rad1 Qxd6 19. Qxd6 exd6 20. Rxd6 e4
21. c3 Be5 22. Rd2 Kg7 23. Be3 Rcd8 24. Red1 Rxd2 25. Rxd2 a5 26. Bd5 Bxd5 27.
Rxd5 b4 28. cxb4 axb4 29. Rxe5 Rxe5 30. Bd4 Kf6 31. Kf1 Ke6 32. Bxe5 Kxe5 33.
Ke2 Kd4 34. a3 bxa3 35. bxa3 f5 36. f3 e3 37. f4 g5 38. fxg5 f4 39. h4 Ke4 40.
a4 Kf5 41. a5 1-0

[Event "ODEM U25A 2011"]
[Site "Oberhof GER"]
[Date "2011.06.17"]
[Round "8"]
[White "Bieg, Pascal"]
[Black "Diller, Daniel"]
[Result "0-1"]
[Termination "normal"]
[Board "23"]
[WhiteElo "1841"]
[BlackElo "1779"]
[PlyCount "60"]
[WhiteFideId "12915645"]
[BlackFideId "12908983"]
[EventCountry "GER"]
[EventRounds "9"]
[EventType "swiss"]
[EventDate "2011.06.11"]

1. d4 d5 2. c4 dxc4 3. Nf3 Nf6 4. e3 e6 5. Bxc4 c5 6. Qe2 a6 7. dxc5 Bxc5 8.
O-O b5 9. Bd3 Nbd7 10. Nc3 Bb7 11. e4 b4 12. Na4 Be7 13. Rd1 Qa5 14. b3 O-O 15.
Nb2 Qh5 16. Nc4 Nc5 17. Ncd2 Nxd3 18. Qxd3 Rfd8 19. Qe2 Nxe4 20. Bb2 Nxd2 21.
Rxd2 Rxd2 22. Qxd2 Bxf3 23. gxf3 Qxf3 24. Rc1 Rd8 25. Qe1 Qg4+ 26. Kh1 Qf3+ 27.
Kg1 Bd6 28. Qf1 Qg4+ 29. Kh1 Qf4 30. Qg2 Be5 0-1

[Event "ODEM U25A 2011"]
[Site "Oberhof GER"]
[Date "2011.06.17"]
[Round "8"]
[White "Wimmer, Martin"]
[Black "Humburg, Philipp"]
[Result "1-0"]
[Termination "normal"]
[Board "26"]
[WhiteElo "1879"]
[BlackElo "1672"]
[PlyCount "49"]
[WhiteFideId "24683680"]
[BlackFideId "24656151"]
[EventCountry "GER"]
[EventRounds "9"]
[EventType "swiss"]
[EventDate "2011.06.11"]

1. e4 c5 2. Nf3 e6 3. Bc4 d5 4. Bb5+ Bd7 5. Bxd7+ Qxd7 6. exd5 Qxd5 7. Nc3 Qd8
8. O-O Nc6 9. d3 Bd6 10. Ne4 Nge7 11. Bd2 O-O 12. Nfg5 h6 13. Qh5 Ng6 14. Nxe6
fxe6 15. Qxg6 Qd7 16. Rae1 Ne5 17. Qh5 Rf5 18. Qe2 Bc7 19. Ng3 Qa4 20. Nxf5
exf5 21. Bc3 Ng4 22. h3 Qf4 23. g3 Qg5 24. hxg4 Kh7 25. Qe7 1-0

[Event "ODEM U25A 2011"]
[Site "Oberhof GER"]
[Date "2011.06.17"]
[Round "8"]
[White "Meulner, Fabian"]
[Black "Brodmann, Anton"]
[Result "1/2-1/2"]
[Termination "normal"]
[Board "27"]
[WhiteElo "1823"]
[BlackElo "1861"]
[PlyCount "29"]
[WhiteFideId "12913936"]
[BlackFideId "24655481"]
[EventCountry "GER"]
[EventRounds "9"]
[EventType "swiss"]
[EventDate "2011.06.11"]

1. d4 f5 2. Bg5 Nf6 3. Bxf6 exf6 4. e3 d5 5. c4 c6 6. Nc3 Qb6 7. Qb3 Qxb3 8.
axb3 dxc4 9. bxc4 Bd6 10. g3 Be6 11. b3 O-O 12. Bg2 Nd7 13. Nge2 Bb4 14. O-O
Nb6 15. Rfc1 1/2-1/2

[Event "ODEM U25A 2011"]
[Site "Oberhof GER"]
[Date "2011.06.17"]
[Round "8"]
[White "Shishkov, Mark"]
[Black "Müller, Max"]
[Result "1/2-1/2"]
[Termination "normal"]
[Board "28"]
[WhiteElo "1987"]
[BlackElo "1639"]
[PlyCount "85"]
[WhiteFideId "12911682"]
[BlackFideId "12900486"]
[EventCountry "GER"]
[EventRounds "9"]
[EventType "swiss"]
[EventDate "2011.06.11"]

1. d4 e6 2. c4 d5 3. g3 c6 4. Bg2 f5 5. Nf3 Bd6 6. O-O Nf6 7. b3 Qe7 8. Nc3 O-O
9. Nd2 Nbd7 10. Bb2 Ne4 11. Qc2 Ndf6 12. Rae1 Nxd2 13. Qxd2 Ne4 14. Qc2 Bd7 15.
e3 Rf6 16. Ne2 Rh6 17. f3 Nf6 18. Bc1 Ba3 19. e4 Bxc1 20. Qxc1 dxe4 21. fxe4
Nxe4 22. Bxe4 fxe4 23. Nc3 Rf6 24. Nxe4 Rxf1+ 25. Rxf1 e5 26. Qe1 Re8 27. dxe5
Qxe5 28. Rf4 Qe7 29. Qb1 Rf8 30. Qf1 b6 31. Rxf8+ Qxf8 32. Qxf8+ Kxf8 33. Kf2
Ke7 34. Kf3 Bf5 35. h4 h5 36. Nd2 g6 37. Kf4 Ke6 38. b4 b5 39. Ke3 bxc4 40. Kd4
Bd3 41. Nxc4 Bxc4 42. Kxc4 Kf5 43. Kc5 1/2-1/2

[Event "ODEM U25A 2011"]
[Site "Oberhof GER"]
[Date "2011.06.17"]
[Round "8"]
[White "Allin, Alexander"]
[Black "Papusha, Maxim"]
[Result "0-1"]
[Termination "normal"]
[Board "29"]
[WhiteElo "1492"]
[BlackElo "1745"]
[PlyCount "52"]
[WhiteFideId "12903698"]
[BlackFideId "12915246"]
[EventCountry "GER"]
[EventRounds "9"]
[EventType "swiss"]
[EventDate "2011.06.11"]

1. e4 c5 2. Nf3 d6 3. d4 cxd4 4. Nxd4 Nf6 5. f3 a6 6. c4 e6 7. Nc3 Qc7 8. Be3
Nbd7 9. Be2 Be7 10. O-O b6 11. b3 Bb7 12. Qd2 O-O 13. Rad1 Rfd8 14. Qc2 Rac8
15. Rd3 Qb8 16. Qb2 Ne5 17. Rd2 d5 18. cxd5 exd5 19. f4 Neg4 20. Nf5 Bb4 21.
Bxg4 Bxc3 22. Ne7+ Kh8 23. Qa3 Nxg4 24. Nxc8 Rxc8 25. Re2 Nxe3 26. Rxe3 Bd4 0-1

[Event "ODEM U25A 2011"]
[Site "Oberhof GER"]
[Date "2011.06.17"]
[Round "8"]
[White "Münch, Marlene"]
[Black "Winterholler, Christina"]
[Result "0-1"]
[Termination "normal"]
[Board "30"]
[WhiteElo "1839"]
[BlackElo "1669"]
[PlyCount "32"]
[WhiteFideId "24639222"]
[BlackFideId "24652105"]
[EventCountry "GER"]
[EventRounds "9"]
[EventType "swiss"]
[EventDate "2011.06.11"]

1. d4 d5 2. Nc3 Nc6 3. e4 dxe4 4. d5 Ne5 5. Nxe4 Nf6 6. Nxf6+ exf6 7. f4 Ng6 8.
Nf3 Bd6 9. Qd4 Qe7+ 10. Be2 O-O 11. g3 Re8 12. Qd3 Bf5 13. Qc4 Bg4 14. Qd3
Qxe2+ 15. Qxe2 Bxf3 16. Kf2 Bxe2 0-1

[Event "ODEM U25A 2011"]
[Site "Oberhof GER"]
[Date "2011.06.17"]
[Round "8"]
[White "Schiefer, Peter"]
[Black "Kardoeus, David"]
[Result "0-1"]
[Termination "normal"]
[Board "32"]
[WhiteElo "1597"]
[BlackElo "1730"]
[PlyCount "100"]
[WhiteFideId "12913200"]
[BlackFideId "12912050"]
[EventCountry "GER"]
[EventRounds "9"]
[EventType "swiss"]
[EventDate "2011.06.11"]

1. d4 c5 2. d5 e6 3. c4 exd5 4. cxd5 Nf6 5. Nc3 d6 6. e4 g6 7. Nf3 Bg7 8. Nd2
a6 9. a4 Qa5 10. Nc4 Qc7 11. Bf4 Bf8 12. Qf3 Nbd7 13. e5 dxe5 14. Bxe5 Qd8 15.
Bd6 Bxd6 16. Nxd6+ Ke7 17. Nxc8+ Qxc8 18. Bc4 Re8 19. O-O Qc7 20. Rad1 Qd6 21.
Rfe1+ Kf8 22. Qg3 Qxg3 23. hxg3 Rxe1+ 24. Rxe1 Nb6 25. Ba2 Rd8 26. Rd1 Ke7 27.
a5 Nc8 28. Ne4 Nxe4 29. Re1 Ncd6 30. f3 f5 31. Bb1 Kf7 32. fxe4 Nxe4 33. Bxe4
fxe4 34. Rd1 Ke7 35. Kf2 Kd6 36. Ke3 Re8 37. Rf1 Re7 38. Rd1 Re5 39. Rf1 Rf5
40. Rh1 h5 41. g4 Rxd5 42. gxh5 gxh5 43. Kxe4 c4 44. Rf1 Rxa5 45. Kd4 Rg5 46.
Rf6+ Kc7 47. Kxc4 Rxg2 48. Rf7+ Kb6 49. Rf6+ Ka7 50. b3 h4 0-1

[Event "ODEM U25A 2011"]
[Site "Oberhof GER"]
[Date "2011.06.17"]
[Round "8"]
[White "Zeller, Lukas"]
[Black "Garbe, Maximilian"]
[Result "1/2-1/2"]
[Termination "normal"]
[Board "34"]
[WhiteElo "1662"]
[BlackElo "1686"]
[PlyCount "32"]
[WhiteFideId "1271152"]
[BlackFideId "12913855"]
[EventCountry "GER"]
[EventRounds "9"]
[EventType "swiss"]
[EventDate "2011.06.11"]

1. d4 d5 2. Nf3 e6 3. g3 c5 4. c3 Nf6 5. e3 Nc6 6. Nbd2 Be7 7. Bg2 O-O 8. O-O
Qc7 9. Nb3 c4 10. Nbd2 b5 11. Re1 Bb7 12. e4 dxe4 13. Nxe4 Nxe4 14. Rxe4 Bd6
15. Qc2 Ne7 16. Rh4 Ng6 1/2-1/2

[Event "ODEM U25A 2011"]
[Site "Oberhof GER"]
[Date "2011.06.17"]
[Round "8"]
[White "George, Tom"]
[Black "Leyrer, Thomas"]
[Result "1-0"]
[Termination "normal"]
[Board "35"]
[WhiteElo "1855"]
[BlackElo "1609"]
[PlyCount "35"]
[WhiteFideId "24659487"]
[BlackFideId "12908274"]
[EventCountry "GER"]
[EventRounds "9"]
[EventType "swiss"]
[EventDate "2011.06.11"]

1. e4 c5 2. Nf3 Nc6 3. d4 cxd4 4. Nxd4 Nf6 5. Nc3 e5 6. Ndb5 d6 7. Bg5 a6 8.
Na3 b5 9. Nd5 Be7 10. Bxf6 Bxf6 11. c3 Bg5 12. Nc2 Ne7 13. a4 Rb8 14. Ncb4 Bb7
15. Nxe7 Bxe7 16. axb5 a5 17. Nd5 O-O 18. Bc4 1-0

[Event "ODEM U25A 2011"]
[Site "Oberhof GER"]
[Date "2011.06.17"]
[Round "8"]
[White "Dohmann, Dorothea"]
[Black "Brühan, Caren"]
[Result "1-0"]
[Termination "normal"]
[Board "36"]
[WhiteElo "1797"]
[BlackElo "1637"]
[PlyCount "47"]
[WhiteFideId "12915459"]
[BlackFideId "24691976"]
[EventCountry "GER"]
[EventRounds "9"]
[EventType "swiss"]
[EventDate "2011.06.11"]

1. e4 c5 2. Nf3 Nc6 3. d4 cxd4 4. Nxd4 g6 5. Nc3 Bg7 6. Be3 Nf6 7. f3 O-O 8.
Bc4 Qb6 9. Qd3 Ne5 10. Qe2 Nxc4 11. Qxc4 a6 12. Nf5 Qd8 13. Nh6+ Bxh6 14. Bxh6
Re8 15. e5 Nh5 16. O-O-O b5 17. Qd4 e6 18. g4 Ng7 19. Ne4 Bb7 20. Nf6+ Kh8 21.
Qxd7 Qxd7 22. Rxd7 Rf8 23. Rxb7 Rac8 24. Rd1 1-0

[Event "ODEM U25A 2011"]
[Site "Oberhof GER"]
[Date "2011.06.17"]
[Round "8"]
[White "Usczeck, Lukas"]
[Black "Wastian, Jan"]
[Result "1/2-1/2"]
[Termination "normal"]
[Board "37"]
[WhiteElo "1524"]
[BlackElo "1524"]
[PlyCount "31"]
[WhiteFideId "12937827"]
[BlackFideId "12911640"]
[EventCountry "GER"]
[EventRounds "9"]
[EventType "swiss"]
[EventDate "2011.06.11"]

1. e4 c6 2. d4 d5 3. exd5 cxd5 4. Bd3 Nc6 5. c3 Qc7 6. Ne2 Bg4 7. f3 Bh5 8. Bf4
Qb6 9. Qb3 Qxb3 10. axb3 e6 11. O-O Nf6 12. Nd2 Be7 13. Rfe1 O-O 14. Ng3 Bg6
15. Bxg6 hxg6 16. Ndf1 1/2-1/2

[Event "ODEM U25A 2011"]
[Site "Oberhof GER"]
[Date "2011.06.17"]
[Round "8"]
[White "Mehling, Franziska"]
[Black "Hoffmann, Dustin"]
[Result "0-1"]
[Termination "normal"]
[Board "38"]
[WhiteElo "1542"]
[BlackElo "1728"]
[PlyCount "48"]
[WhiteFideId "12900133"]
[BlackFideId "1270566"]
[EventCountry "GER"]
[EventRounds "9"]
[EventType "swiss"]
[EventDate "2011.06.11"]

1. d4 Nf6 2. c4 g6 3. Nc3 Bg7 4. e4 d6 5. Be3 Nbd7 6. f3 O-O 7. Qd2 e5 8. d5
Nb6 9. O-O-O Bd7 10. Kb1 Na4 11. Rc1 a6 12. Nxa4 Bxa4 13. c5 Bd7 14. cxd6 cxd6
15. Qb4 Qe7 16. Bb6 Rac8 17. Bc7 Nxd5 18. Qxd6 Qxd6 19. Bxd6 Rxc1+ 20. Kxc1
Rc8+ 21. Kd2 Bh6+ 22. Ke1 Rc1+ 23. Ke2 Bb5+ 24. Kf2 Rxf1+ 0-1

[Event "ODEM U25A 2011"]
[Site "Oberhof GER"]
[Date "2011.06.17"]
[Round "8"]
[White "Tarakanova, Valeria"]
[Black "Dietrich, Franz"]
[Result "1/2-1/2"]
[Termination "normal"]
[Board "39"]
[WhiteElo "1740"]
[BlackElo "1509"]
[PlyCount "68"]
[WhiteFideId "24179205"]
[BlackFideId "1270312"]
[EventCountry "GER"]
[EventRounds "9"]
[EventType "swiss"]
[EventDate "2011.06.11"]

1. e4 e5 2. Nf3 Nf6 3. Nxe5 d6 4. Nf3 Nxe4 5. d4 Bg4 6. Bd3 Nf6 7. O-O Be7 8.
Nbd2 O-O 9. Re1 Re8 10. Nf1 d5 11. h3 Bh5 12. Ng3 Bg6 13. Ne5 Nbd7 14. f4 Bxd3
15. Qxd3 Bd6 16. Bd2 Nb6 17. Nf5 Ne4 18. Re2 f6 19. Rxe4 dxe4 20. Qg3 Re7 21.
Ng4 Rd7 22. Re1 Bf8 23. Rxe4 Nd5 24. h4 Kh8 25. h5 Ne7 26. Nge3 c5 27. h6 g6
28. Nxe7 Rxe7 29. Rxe7 Qxe7 30. f5 g5 31. Nd5 Qf7 32. c4 cxd4 33. Qd3 b6 34. b4
Re8 1/2-1/2

[Event "ODEM U25A 2011"]
[Site "Oberhof GER"]
[Date "2011.06.17"]
[Round "8"]
[White "Wissel, Florian"]
[Black "Schreiber, Justina"]
[Result "1/2-1/2"]
[Termination "normal"]
[Board "40"]
[WhiteElo "1676"]
[BlackElo "1467"]
[PlyCount "53"]
[BlackFideId "24661570"]
[EventCountry "GER"]
[EventRounds "9"]
[EventType "swiss"]
[EventDate "2011.06.11"]

1. d4 d5 2. Nf3 Bf5 3. c4 c6 4. Nc3 e6 5. Bf4 Bd6 6. Bxd6 Qxd6 7. Qb3 Qe7 8.
Rc1 Nf6 9. e3 O-O 10. Be2 Na6 11. O-O Rab8 12. Qa4 Qb4 13. Qxb4 Nxb4 14. Ne5
Rbc8 15. a3 Na6 16. cxd5 cxd5 17. Bxa6 bxa6 18. Na4 Ne4 19. Nc5 Nxc5 20. dxc5
Rfd8 21. Rc3 f6 22. Nf3 Bg6 23. Rfc1 Rc7 24. Nd4 Bf7 25. b4 Rb8 26. Rb1 g6 27.
h3 1/2-1/2

[Event "ODEM U25A 2011"]
[Site "Oberhof GER"]
[Date "2011.06.18"]
[Round "9"]
[White "Walter, Florian"]
[Black "Figura, Atila Gajo"]
[Result "0-1"]
[Termination "normal"]
[Board "1"]
[BlackTitle "FM"]
[WhiteElo "2083"]
[BlackElo "2364"]
[PlyCount "62"]
[WhiteFideId "24677450"]
[BlackFideId "4688058"]
[EventCountry "GER"]
[EventRounds "9"]
[EventType "swiss"]
[EventDate "2011.06.11"]

1. c4 c5 2. Nc3 Nc6 3. g3 g6 4. Bg2 Bg7 5. Nf3 d6 6. O-O Bd7 7. Rb1 Qc8 8. Re1
Bh3 9. Bh1 h5 10. e4 Bg4 11. Qa4 Kf8 12. Nd5 h4 13. Nxh4 Nd4 14. f3 g5 15. fxg4
gxh4 16. Qd1 hxg3 17. hxg3 Nf6 18. Nxf6 Bxf6 19. d3 Be5 20. Bf4 Qe6 21. Rf1
Bxf4 22. Rxf4 Qh6 23. Bg2 e5 24. Rf2 Qh2+ 25. Kf1 Qxg3 26. b4 b6 27. Qd2 Qxg4
28. bxc5 dxc5 29. Rf6 Ke7 30. Qf2 Qg7 31. Rf5 Rag8 0-1

[Event "ODEM U25A 2011"]
[Site "Oberhof GER"]
[Date "2011.06.18"]
[Round "9"]
[White "Mazarov, Jürgen"]
[Black "Fichtner, Ewald"]
[Result "1/2-1/2"]
[Termination "normal"]
[Board "2"]
[WhiteElo "2153"]
[BlackElo "1991"]
[PlyCount "120"]
[WhiteFideId "24617768"]
[BlackFideId "1270194"]
[EventCountry "GER"]
[EventRounds "9"]
[EventType "swiss"]
[EventDate "2011.06.11"]

1. e4 c6 2. d4 d5 3. exd5 cxd5 4. c4 Nf6 5. Nc3 Nc6 6. Nf3 Bg4 7. cxd5 Nxd5 8.
Qb3 Bxf3 9. gxf3 e6 10. Qxb7 Nxd4 11. Bb5+ Nxb5 12. Qc6+ Ke7 13. Qxb5 Qd7 14.
Nxd5+ Qxd5 15. Qxd5 exd5 16. Bg5+ f6 17. Be3 Ke6 18. O-O-O Bb4 19. Rd3 Rhd8 20.
Rhd1 Rd7 21. a3 Ba5 22. b4 Bb6 23. Kb2 Rc8 24. Re1 Kf5 25. Kb3 Re8 26. Red1
Red8 27. a4 Ke5 28. a5 Bxe3 29. fxe3 a6 30. Rc1 f5 31. Rc5 g5 32. Ka4 Rb8 33.
Rc6 Rd6 34. Rc7 h6 35. Rdc3 f4 36. exf4+ gxf4 37. R7c5 Kd4 38. Rb3 Re6 39. Rc7
Re3 40. Rc6 Ra8 41. Rb2 Rxf3 42. Rxh6 Rc3 43. h4 Rf8 44. Rxa6 f3 45. Rd2+ Rd3
46. Rf2 Ke3 47. Rf1 Ke2 48. Rh1 f2 49. Re6+ Re3 50. Rd6 Re5 51. a6 f1=Q 52.
Rxf1 Rxf1 53. b5 Ra1+ 54. Kb4 Ke3 55. Rd7 d4 56. a7 d3 57. b6 Raa5 58. b7 Reb5+
59. Kc4 Rc5+ 60. Kb4 Re5 1/2-1/2

[Event "ODEM U25A 2011"]
[Site "Oberhof GER"]
[Date "2011.06.18"]
[Round "9"]
[White "Weber, Max"]
[Black "Höpfner, Tim"]
[Result "1/2-1/2"]
[Termination "normal"]
[Board "3"]
[WhiteElo "2023"]
[BlackElo "1936"]
[PlyCount "62"]
[WhiteFideId "4624831"]
[BlackFideId "4638310"]
[EventCountry "GER"]
[EventRounds "9"]
[EventType "swiss"]
[EventDate "2011.06.11"]

1. d4 Nf6 2. c4 c5 3. d5 b5 4. cxb5 a6 5. bxa6 Bxa6 6. Nc3 d6 7. Nf3 g6 8. g3
Bg7 9. Bg2 Nbd7 10. Rb1 Qa5 11. Bd2 Qb6 12. b3 O-O 13. O-O Qb7 14. Bc1 Nb6 15.
Ne1 Nc8 16. Nc2 Nd7 17. Bb2 Na7 18. Na4 Bxb2 19. Nxb2 Nb5 20. Qd2 Qa7 21. a4
Nc7 22. Na3 Rfb8 23. Nbc4 Bxc4 24. Nxc4 Rb4 25. Qe3 Kf8 26. Qc3 Kg8 27. Qe3 Kf8
28. Qc3 Kg8 29. e4 Nb6 30. Ne3 Qb7 31. Qd3 Nd7 1/2-1/2

[Event "ODEM U25A 2011"]
[Site "Oberhof GER"]
[Date "2011.06.18"]
[Round "9"]
[White "Tomaszewska, Luiza"]
[Black "Gölz, Daniel"]
[Result "1/2-1/2"]
[Termination "normal"]
[Board "4"]
[WhiteElo "1994"]
[BlackElo "2103"]
[PlyCount "30"]
[WhiteFideId "1171089"]
[BlackFideId "24626325"]
[EventCountry "GER"]
[EventRounds "9"]
[EventType "swiss"]
[EventDate "2011.06.11"]

1. e4 c5 2. Nf3 Nc6 3. Bb5 e6 4. O-O Nge7 5. a4 Ng6 6. Bxc6 bxc6 7. d3 Be7 8.
Nc3 O-O 9. Qe2 Rb8 10. b3 e5 11. g3 d6 12. Ne1 Bh3 13. Ng2 f5 14. Re1 f4 15. f3
Bg5 1/2-1/2

[Event "ODEM U25A 2011"]
[Site "Oberhof GER"]
[Date "2011.06.18"]
[Round "9"]
[White "van gen Hassend, Max"]
[Black "ten Hagen, Yorick"]
[Result "1/2-1/2"]
[Termination "normal"]
[Board "6"]
[WhiteElo "1988"]
[BlackElo "2197"]
[PlyCount "57"]
[WhiteFideId "12934569"]
[BlackFideId "1020072"]
[EventCountry "GER"]
[EventRounds "9"]
[EventType "swiss"]
[EventDate "2011.06.11"]

1. e4 c5 2. Nf3 g6 3. d4 cxd4 4. Nxd4 Nc6 5. c4 Bg7 6. Be3 Nf6 7. Nc3 Ng4 8.
Qxg4 Nxd4 9. Qd1 e5 10. Bd3 d6 11. O-O O-O 12. f3 Be6 13. b3 Rc8 14. Rc1 Kh8
15. Qd2 Rg8 16. Bxd4 exd4 17. Nd5 Bxd5 18. exd5 Re8 19. Rce1 Qb6 20. Qf4 Re3
21. Rd1 f5 22. g4 Be5 23. Qh6 Qc7 24. gxf5 gxf5 25. Bxf5 Rg8+ 26. Kh1 Re2 27.
f4 Qg7 28. Qxg7+ Bxg7 29. Be6 1/2-1/2

[Event "ODEM U25A 2011"]
[Site "Oberhof GER"]
[Date "2011.06.18"]
[Round "9"]
[White "von Meijenfeldt, Bart"]
[Black "Wisheckel, Lena"]
[Result "1-0"]
[Termination "normal"]
[Board "7"]
[WhiteElo "2149"]
[BlackElo "1760"]
[PlyCount "71"]
[WhiteFideId "1032259"]
[BlackFideId "24691992"]
[EventCountry "GER"]
[EventRounds "9"]
[EventType "swiss"]
[EventDate "2011.06.11"]

1. e4 e5 2. Nf3 Nf6 3. Nxe5 d6 4. Nf3 Nxe4 5. Nc3 Nxc3 6. dxc3 Be7 7. Be3 Bg4
8. Be2 a6 9. Qd4 h5 10. h3 Nc6 11. Qxg7 Bf6 12. Qxh8+ Bxh8 13. hxg4 Qe7 14.
gxh5 O-O-O 15. O-O-O Rg8 16. g4 Nd8 17. g5 Ne6 18. Rdg1 d5 19. h6 Nf4 20. Bd1
Ng6 21. h7 Re8 22. Nd4 Kb8 23. Re1 Qd7 24. f4 c5 25. Nb3 b6 26. Bd2 a5 27. Kb1
Ka7 28. Rhf1 Qf5 29. Rg1 Qh3 30. Rh1 Qf5 31. Nc1 f6 32. Ne2 Nxf4 33. Nxf4 fxg5
34. Ne6 Rc8 35. Nxg5 d4 36. Rhf1 1-0

[Event "ODEM U25A 2011"]
[Site "Oberhof GER"]
[Date "2011.06.18"]
[Round "9"]
[White "Pererva, Viktor"]
[Black "Bivol, Alina"]
[Result "0-1"]
[Termination "normal"]
[Board "8"]
[WhiteElo "1956"]
[BlackElo "2137"]
[PlyCount "58"]
[WhiteFideId "24696463"]
[BlackFideId "4100123"]
[EventCountry "GER"]
[EventRounds "9"]
[EventType "swiss"]
[EventDate "2011.06.11"]

1. e4 e6 2. Nf3 d5 3. Nc3 Nf6 4. e5 Nfd7 5. d4 c5 6. dxc5 Nc6 7. Bf4 Bxc5 8.
Bd3 h6 9. O-O g5 10. Bg3 h5 11. h4 g4 12. Ng5 Ndxe5 13. Re1 f6 14. Bb5 Rf8 15.
Nh7 Rf7 16. Nxf6+ Qxf6 17. Rxe5 Bxf2+ 18. Bxf2 Qxf2+ 19. Kh1 Qxh4+ 20. Kg1 Bd7
21. Bxc6 bxc6 22. Qe2 O-O-O 23. Rf1 Rxf1+ 24. Kxf1 Qh1+ 25. Kf2 Rf8+ 26. Kg3
h4+ 27. Kxg4 Rg8+ 28. Kf3 Rg3+ 29. Kf4 Qc1+ 0-1